000 00324nam a2200097Ia 4500
082 _a320.96 PETL
245 0 _aAfrican solutions : best practices from the African Peer Review Mechanism
100 _a Gruzd, Steven Auckland Park, South Africa, 2011
_947766
942 _cBK
008 210817s9999 xx 000 0 und d
999 _c155940
_d155940